Statistiques concernant Joueurs de Rugby n°1

Cliquez ici pour prendre le quiz!

Statistiques générales

  • Ce quiz a été pris 46 fois
  • Le résultat moyen est 10 sur 15

Statistiques - réponses

Answer % Correct
Thierry Dusautoir
93%
Jonny Wilkinson
93%
Sergio Parisse
88%
Bryan Habana
83%
Jonathan Sexton
80%
Jonah Lomu
80%
Richie Mccaw
78%
Serge Betsen
76%
Brian O'Driscoll
66%
Owen Farrell
66%
Greig Laidlaw
59%
Shane Williams
37%
Martin Castrogiovanni
32%
Chris Paterson
15%
Kenki Fukuoka
7%

Distribution des résultats

Percentile par nombre de réponses

% des personnes avec chaque résultat

Votre développement - résultats

Vous n’avez pas pris ce quiz